[Event "Puhajarve rap op 14th"]
[Site "Puhajarve"]
[Date "2013.11.30"]
[Round "16"]
[White "Elmaste, Gert"]
[Black "Karpov, Anatoly"]
[Result "0-1"]
[WhiteElo "2177"]
[BlackElo "2619"]
[PlyCount "84"]
[EventDate "2013.11.29"]
[EventType "tourn (rapid)"]
[EventRounds "35"]
[EventCountry "EST"]
[SourceTitle "CBM 157 Extra"]
[Source "ChessBase"]
[SourceDate "2013.12.19"]
[SourceVersion "1"]
[SourceVersionDate "2013.12.19"]
[SourceQuality "1"]

1. d4 Nf6 2. Nf3 e6 3. Bg5 h6 4. Bh4 c5 5. e3 cxd4 6. exd4 b6 7. Be2 Be7 8. c3 0-0 9. 0-0 Ba6 10. Re1 Bxe2 11. Qxe2 Qc7 12. Nbd2 Nc6 13. Ne4 Nxe4 14. Qxe4 Bxh4 15. Qxh4 b5 16. a3 Na5 17. Nd2 Rab8 18. Re2 Nc4 19. Ne4 Kh8 20. Rae1 a5 21. Nc5 Qc6 22. g4 f6 23. Nd3 Kh7 24. Qg3 Qd6 25. Qf3 Nb6 26. Qe4+ f5 27. gxf5 Rxf5 28. Re3 Rbf8 29. Rg3 Nd5 30. Re2 Kg8 31. Qg2 Qe7 32. Re4 Nf6 33. Re5 Nh5 34. Rge3 Nf4 35. Nxf4 Rxf4 36. f3 Qf7 37. Rxb5 a4 38. Kf2 Rf6 39. Qh3 Qg6 40. Qh5 Qc2+ 41. Re2 Rxf3+ 42. Qxf3 Rxf3+ 0-1

[Event "Karksi rapid op"]
[Site "Karksi Nuia"]
[Date "2009.07.31"]
[Round "4"]
[White "Elmaste, Gert"]
[Black "Fomina, Tatyana"]
[Result "1-0"]
[WhiteElo "2265"]
[BlackElo "2214"]
[PlyCount "111"]
[EventDate "2009.07.31"]
[EventType "swiss (rapid)"]
[EventRounds "7"]
[EventCountry "EST"]
[SourceTitle "EXT 2018"]
[Source "ChessBase"]
[SourceDate "2017.10.13"]
[SourceVersion "1"]
[SourceVersionDate "2017.10.13"]
[SourceQuality "1"]

1. e4 c5 2. Nf3 e6 3. c3 d5 4. exd5 Qxd5 5. d4 Nf6 6. Be2 Be7 7. 0-0 0-0 8. Be3 cxd4 9. Nxd4 e5 10. Nb5 Na6 11. N1a3 Bd7 12. Bf3 Qxd1 13. Rfxd1 e4 14. Be2 Nc5 15. Nc7 Rac8 16. Nd5 Nxd5 17. Rxd5 Be6 18. Rd2 a6 19. Nc2 Bf6 20. Nd4 Bxd4 21. Rxd4 f5 22. g3 h6 23. Rd6 Bf7 24. Rb6 Bd5 25. Rd1 Bxa2 26. Bxc5 Rxc5 27. Rxb7 f4 28. Rdd7 Bf7 29. gxf4 g6 30. Bxa6 Kg7 31. b3 Kf6 32. c4 Be6 33. Rd6 Kf5 34. b4 Rxc4 35. Bxc4 Bxc4 36. Rbb6 g5 37. fxg5 hxg5 38. Kg2 Ra8 39. Rbc6 Bd3 40. Kg3 Ke5 41. Rh6 Rf8 42. Rhe6+ Kd5 43. Rf6 Rb8 44. Rc5+ Kd4 45. Rxg5 Rxb4 46. h4 Be2 47. Rd6+ Kc4 48. Rg7 Rb3+ 49. Kg2 Bf3+ 50. Kh2 Kc5 51. Rd2 Rb1 52. Rc7+ Kb6 53. Rc3 Rh1+ 54. Kg3 Rg1+ 55. Kf4 Rg4+ 56. Ke3 1-0

[Event "Viljandimaa Region-ch"]
[Site "Viljandi"]
[Date "2005.12.05"]
[Round "8"]
[White "Vahtra, Tuuli"]
[Black "Elmaste, Gert"]
[Result "0-1"]
[WhiteElo "2029"]
[BlackElo "2218"]
[PlyCount "92"]
[EventDate "2005.10.29"]
[EventType "tourn"]
[EventRounds "9"]
[EventCountry "EST"]
[SourceTitle "EXT 2018"]
[Source "ChessBase"]
[SourceDate "2017.10.13"]
[SourceVersion "1"]
[SourceVersionDate "2017.10.13"]
[SourceQuality "1"]

1. Nf3 d5 2. e3 Bg4 3. d4 c6 4. Be2 e6 5. Ne5 Bxe2 6. Qxe2 Nd7 7. f4 g6 8. Nd2 Ngf6 9. c3 Qc7 10. 0-0 Bg7 11. Kh1 0-0 12. Qf3 c5 13. Nxd7 Nxd7 14. dxc5 Nxc5 15. e4 Nxe4 16. Nxe4 dxe4 17. Qxe4 Qb6 18. Qe2 Rfd8 19. Be3 Qa5 20. a3 Qa4 21. Rad1 a6 22. Rd2 Rxd2 23. Qxd2 Bf6 24. Qd1 Qb5 25. Rf2 Rd8 26. Rd2 Rxd2 27. Qxd2 Qf1+ 28. Bg1 h5 29. Qf2 Qd1 30. h3 b5 31. g3 Kg7 32. h4 Qd5+ 33. Kh2 Qa2 34. Qd2 Qc4 35. Qe3 a5 36. Qc5 Qd3 37. Qe3 Qb1 38. Qd2 Qe4 39. Qe3 Qc2+ 40. Qf2 Qa4 41. Qd2 Qc4 42. Bb6 a4 43. Bf2 Qe4 44. Qe3 Qc2 45. c4 bxc4 46. Qb6 Qxb2 0-1

[Event "Viljandimaa Region-ch"]
[Site "Viljandi"]
[Date "2005.11.12"]
[Round "4"]
[White "Kolk, Marek"]
[Black "Elmaste, Gert"]
[Result "1-0"]
[WhiteElo "2152"]
[BlackElo "2218"]
[PlyCount "116"]
[EventDate "2005.10.29"]
[EventType "tourn"]
[EventRounds "9"]
[EventCountry "EST"]
[SourceTitle "EXT 2018"]
[Source "ChessBase"]
[SourceDate "2017.10.13"]
[SourceVersion "1"]
[SourceVersionDate "2017.10.13"]
[SourceQuality "1"]

1. c4 c6 2. Nf3 d5 3. g3 Nf6 4. Bg2 dxc4 5. a4 g6 6. Na3 Bg7 7. Nxc4 0-0 8. 0-0 Be6 9. b3 Qc8 10. Ba3 Re8 11. d4 Bh3 12. Rc1 Bxg2 13. Kxg2 Nbd7 14. Qd3 Qd8 15. Rfd1 Nb6 16. e4 Nxc4 17. bxc4 e6 18. Rb1 b6 19. e5 Nd7 20. Qe4 Qc8 21. Bd6 c5 22. d5 exd5 23. Qxd5 Nf8 24. Bxf8 Kxf8 25. Ng5 Qf5 26. f4 Bxe5 27. fxe5 Qxg5 28. Rf1 f5 29. exf6 Re2+ 30. Rf2 Qxd5+ 31. cxd5 Rxf2+ 32. Kxf2 Rd8 33. a5 Rd6 34. Ke3 Rxf6 35. Ke4 Ke7 36. g4 g5 37. Ke5 Rh6 38. axb6 axb6 39. Ra1 Rxh2 40. Ra7+ Kd8 41. Rb7 Rh6 42. d6 Rh2 43. Rxb6 c4 44. Kd5 Rd2+ 45. Kc6 Kc8 46. Ra6 Kb8 47. d7 c3 48. Ra3 c2 49. Rb3+ Ka7 50. Rc3 Kb8 51. Rc5 h6 52. Rb5+ Ka7 53. Rc5 Kb8 54. Rc3 Ka7 55. Kc7 Rd3 56. Rxc2 Ka6 57. d8Q Rxd8 58. Kxd8 Kb6 1-0

[Event "EST-chT 20th"]
[Site "Tallinn "]
[Date "2005.03.18"]
[Round "2"]
[White "Elmaste, Gert"]
[Black "Seeman, Tarvo"]
[Result "0-1"]
[WhiteElo "2193"]
[BlackElo "2401"]
[PlyCount "90"]
[EventDate "2005.03.17"]
[EventType "team-tourn"]
[EventRounds "7"]
[EventCountry "EST"]
[SourceTitle "EXT 2016"]
[Source "ChessBase"]
[SourceDate "2015.10.08"]
[SourceVersion "1"]
[SourceVersionDate "2015.10.08"]
[SourceQuality "1"]

1. e4 c5 2. Nf3 g6 3. c3 Bg7 4. Be2 d6 5. d4 Qc7 6. Be3 Nf6 7. Nbd2 0-0 8. 0-0 Nbd7 9. h3 b6 10. Rb1 e6 11. Nh2 Bb7 12. Bd3 cxd4 13. cxd4 e5 14. Rc1 Qd8 15. d5 Nc5 16. Bb1 a5 17. a3 a4 18. Bxc5 bxc5 19. Bd3 Bh6 20. Rc3 Ba6 21. Ng4 Bxd2 22. Nxf6+ Qxf6 23. Qxd2 Rfb8 24. Bxa6 Rxa6 25. Rc4 Qe7 26. Qc2 Qd7 27. f4 exf4 28. Rxf4 Rb3 29. Qf2 Rab6 30. Qh4 Rb7 31. Rxa4 Qxa4 32. Qd8+ Kg7 33. Qf6+ Kf8 34. e5 Qe8 35. Qh8+ Ke7 36. Qf6+ Kd7 37. Qxd6+ Kc8 38. Rc4 R3b5 39. Ra4 Qd7 40. Ra8+ Rb8 41. Qf8+ Qd8 42. Rxb8+ Rxb8 43. Qxc5+ Qc7 44. Qf8+ Kb7 45. Qg7 Qc1+ 0-1

[Event "Viljandimaa Region-ch"]
[Site "Viljandi"]
[Date "2004.11.14"]
[Round "8"]
[White "Elmaste, Gert"]
[Black "Kartau, Rein"]
[Result "1-0"]
[WhiteElo "2197"]
[BlackElo "1928"]
[PlyCount "35"]
[EventDate "2004.10.10"]
[EventType "tourn"]
[EventRounds "10"]
[EventCountry "EST"]
[SourceTitle "EXT 2018"]
[Source "ChessBase"]
[SourceDate "2017.10.13"]
[SourceVersion "1"]
[SourceVersionDate "2017.10.13"]
[SourceQuality "1"]

1. e4 d6 2. Nf3 Nf6 3. c3 g6 4. Bd3 c5 5. Bc2 Bg4 6. h3 Bxf3 7. Qxf3 Nc6 8. 0-0 Bg7 9. d3 0-0 10. Bg5 h6 11. Be3 Nh5 12. Nd2 e5 13. Rad1 f5 14. exf5 e4 15. dxe4 Qh4 16. Qg4 Qe7 17. Qxg6 Qh4 18. Nf3 1-0

[Event "Viljandimaa Region-ch"]
[Site "Viljandi"]
[Date "2004.10.24"]
[Round "3"]
[White "Kartau, Rein"]
[Black "Elmaste, Gert"]
[Result "0-1"]
[WhiteElo "1928"]
[BlackElo "2197"]
[PlyCount "66"]
[EventDate "2004.10.10"]
[EventType "tourn"]
[EventRounds "10"]
[EventCountry "EST"]
[SourceTitle "EXT 2018"]
[Source "ChessBase"]
[SourceDate "2017.10.13"]
[SourceVersion "1"]
[SourceVersionDate "2017.10.13"]
[SourceQuality "1"]

1. d4 d5 2. Nf3 c6 3. Bf4 Bf5 4. Nbd2 Nf6 5. e3 e6 6. c4 Bd6 7. Qb3 Bxf4 8. exf4 Qc7 9. Ne5 Nbd7 10. Rc1 0-0 11. h3 dxc4 12. Bxc4 Nb6 13. g4 Nxc4 14. Qxc4 Be4 15. Nxe4 Nxe4 16. f3 Nf6 17. 0-0 Nd5 18. Kf2 Nxf4 19. h4 Ng6 20. Nxg6 Qh2+ 21. Ke3 fxg6 22. Rc2 Qxh4 23. Rff2 Qg5+ 24. Ke2 Qd5 25. Qb4 Rf7 26. b3 e5 27. dxe5 Qxe5+ 28. Kf1 Raf8 29. Kg2 h5 30. Rc5 Qe6 31. gxh5 Rxf3 32. Rxf3 Qe2+ 33. Kg1 Rxf3 0-1

[Event "Viljandimaa Kreis-ch"]
[Site "Viljandi"]
[Date "2003.12.01"]
[Round "12"]
[White "Arak, Harri"]
[Black "Elmaste, Gert"]
[Result "0-1"]
[WhiteElo "1918"]
[BlackElo "2200"]
[PlyCount "84"]
[EventDate "2003.10.18"]
[EventType "tourn"]
[EventRounds "14"]
[EventCountry "EST"]
[SourceTitle "EXT 2018"]
[Source "ChessBase"]
[SourceDate "2017.10.13"]
[SourceVersion "1"]
[SourceVersionDate "2017.10.13"]
[SourceQuality "1"]

1. e4 c6 2. d4 d5 3. e5 Bf5 4. Nc3 e6 5. g4 Bg6 6. Nge2 h6 7. Nf4 Bh7 8. Bd3 Bxd3 9. Nxd3 Nd7 10. Be3 Qc7 11. 0-0 0-0-0 12. b4 g6 13. Nc5 Bxc5 14. bxc5 f6 15. f4 Ne7 16. Qd2 h5 17. exf6 Nxf6 18. g5 Nd7 19. a4 Nf5 20. a5 Nxc5 21. Nb5 cxb5 22. dxc5 d4 23. Bf2 a6 24. Qe2 Rhe8 25. Qe5 Qxe5 26. fxe5 Rd5 27. Rad1 Red8 28. Rd3 Rxc5 29. Rfd1 Rxe5 30. c3 Ne3 31. Bxe3 Rxe3 32. cxd4 Rxd3 33. Rxd3 Rd5 34. h4 e5 35. Rc3+ Kd7 36. dxe5 Rxe5 37. Rf3 b4 38. Rf7+ Kc8 39. Rf8+ Kc7 40. Rf7+ Kb8 41. Rf8+ Ka7 42. Rf6 b3 0-1

[Event "Viljandimaa Kreis-ch"]
[Site "Viljandi"]
[Date "2003.12.01"]
[Round "13"]
[White "Elmaste, Gert"]
[Black "Sammul, Jueri"]
[Result "1-0"]
[WhiteElo "2200"]
[BlackElo "2110"]
[PlyCount "87"]
[EventDate "2003.10.18"]
[EventType "tourn"]
[EventRounds "14"]
[EventCountry "EST"]
[SourceTitle "EXT 2018"]
[Source "ChessBase"]
[SourceDate "2017.10.13"]
[SourceVersion "1"]
[SourceVersionDate "2017.10.13"]
[SourceQuality "1"]

1. e4 e5 2. Nf3 Nc6 3. Bc4 Be7 4. c3 Nf6 5. d4 d6 6. dxe5 Nxe5 7. Nxe5 dxe5 8. Qxd8+ Bxd8 9. f3 c6 10. Be3 Bb6 11. Bxb6 axb6 12. Nd2 Ke7 13. 0-0-0 Rd8 14. a3 Be6 15. Bxe6 Kxe6 16. Nc4 b5 17. Rxd8 Rxd8 18. Na5 Rd7 19. Rd1 Rc7 20. Rd8 b6 21. Nb3 Nd7 22. Re8+ Kd6 23. Rh8 Nf6 24. Rb8 Nd7 25. Rg8 g6 26. g4 Ke7 27. Ra8 Nf6 28. Kc2 h5 29. gxh5 Nxh5 30. Rb8 Kf6 31. Rxb6 Kg5 32. Nc5 Kf4 33. Nd3+ Kxf3 34. Rxc6 Re7 35. c4 f5 36. cxb5 fxe4 37. Nc1 e3 38. b6 Nf4 39. Rc7 Re6 40. b7 Rb6 41. a4 e2 42. Nxe2 Nxe2 43. a5 Nd4+ 44. Kb1 1-0